[Event "84th Annual Southwest Open"]
[Site "Irving"]
[Date "2018.08.31"]
[Round "1"]
[White "Kung, Thomas"]
[Black "Stremavicius, Titas"]
[Result "1/2-1/2"]
[WhiteElo "2132"]
[BlackElo "2467"]
[Annotator "TA"]
[PlyCount "96"]
[EventDate "2018.08.31"]
[EventType "swiss"]
[EventCountry "USA"]
[SourceTitle "playchess.com"]
[Source "ChessBase"]
[SourceQuality "1"]

{[%evp 21,96,79,88,96,96,73,103,58,77,64,152,137,185,170,197,202,154,154,167,164,278,289,266,300,250,0,0,0,126,112,121,111,109,118,110,120,248,205,291,256,262,189,192,180,170,79,165,117,125,113,118,113,162,164,176,102,114,79,117,115,113,116,110,114,121,129,170,173,148,84,141,135,134,133,133,131,134]} 1. e4 c5 2. Nf3 Nc6 3. d4 cxd4 4. Nxd4 Nf6 5. Nc3 d6 6. Bg5 e6 7. Qd2 Qb6 8. Nb3 a6 9. O-O-O Bd7 10. f4 {[%cal Bf2f4,Bf4f5][%mdl 32]} Qc7 {B60: Sicilian: Richter-Rauzer: Unusual Black 6th moves and 6...Bd7 without 7 Qd2} 11. Kb1 b5 {LiveBook: 4 Games} 12. a3 $146 ({Predecessor:} 12. Bxf6 gxf6 13. f5 b4 14. Ne2 a5 15. Nbd4 Nxd4 16. Nxd4 Qc5 17. fxe6 fxe6 {1-0 (51) Serner,A (2555)-Kashlyak,A (2511) ICCF email 2007}) 12... Rb8 {White is better.} 13. Be2 Be7 14. f5 Ne5 15. Bxf6 gxf6 {[#]} ({Better is} 15... Bxf6 $14 16. Qxd6 Qxd6 17. Rxd6 Bc8) 16. Qh6 $1 $16 Nc4 17. fxe6 fxe6 18. Qg7 {White threatens Bh5+ and mate.} Rf8 {[#]} 19. Rd3 $1 {[%cal Rd3h3]} (19. Qxh7 Nxa3+ 20. bxa3 Qxc3) 19... Kd8 20. Rh3 b4 (20... Re8 {might work better.} 21. Bh5 (21. Qxh7 b4 $16) 21... Rf8) 21. axb4 $18 (21. Rxh7 $6 Be8 $18) 21... Rxb4 22. Rxh7 Be8 {intending ...Rf7.} 23. Bh5 $2 (23. Rh8 $18 Rxh8 24. Qxh8) 23... Bxh5 $11 24. Rxh5 {Rh7 is the strong threat.} Nd2+ (24... Qb6 $11 {keeps the balance.} 25. Rh7 Re8) 25. Nxd2 $16 Qxc3 {[%csl Gb4][%cal Rc3b2]} 26. Nb3 $36 {[%mdl 2048] White is really pushing.} Qe3 27. Rh7 Re8 28. Rd1 Kd7 (28... Qxe4 $16 29. Nc5 Rxb2+ 30. Kxb2 Qe5+ 31. c3 Qxc5) 29. Rh3 Qg5 (29... Qb6 $142 30. Rc3 Rb5) 30. Qh7 Qg8 31. Qh6 Qg5 32. Qxg5 fxg5 33. Nc5+ (33. e5 $18 {has better winning chances. Black must now prevent exd6.} d5 34. Rh7) 33... Kc8 (33... Kc6 $16 {keeps fighting.}) 34. Nxe6 Rxe4 35. Rc3+ Kb7 36. Rb3+ Ka7 37. Nd4 {And now Nc6+ would win.} Rc8 38. c3 (38. Nf5 $18) 38... d5 39. Rf1 {Strongly threatening Rf7.} Bc5 40. Rf7+ Re7 41. Rf5 Bxd4 42. cxd4 {[%mdl 4096] Endgame KRR-KRR} g4 43. Rxd5 Re2 44. Rd7+ Ka8 45. d5 (45. Rb6 $142) 45... Rxg2 (45... Rb8 $142 46. Rxb8+ Kxb8) 46. Rbb7 {Threatening mate with Ra7+.White is clearly better.} Rd8 47. Ra7+ ({But not} 47. Rxd8+ $6 Kxb7 48. Rh8 Kb6 $11) 47... Kb8 48. Rdb7+ ({Much worse is} 48. Rxd8+ $6 Kxa7 49. Rg8 Kb6 $11) 48... Kc8 {Precision: White = 62%, Black = 48%.} 1/2-1/2

[Event "84th Annual Southwest Open"]
[Site "Irving"]
[Date "2018.08.31"]
[Round "1"]
[White "Green, Austen"]
[Black "Arribas Lopez, Angel"]
[Result "0-1"]
[WhiteElo "2066"]
[BlackElo "2460"]
[Annotator "TA"]
[PlyCount "64"]
[EventDate "2018.08.31"]
[EventType "swiss"]
[EventCountry "USA"]
[SourceTitle "playchess.com"]
[Source "ChessBase"]
[SourceQuality "1"]

{[%evp 19,64,28,49,0,0,-2,0,0,0,9,14,0,0,0,13,0,0,-68,-76,-228,-227,-206,-195,-183,-189,-151,-40,-25,79,-699,-694,-685,-672,-635,-646,-814,-802,-770,-876,-875,-861,-876,-850,-975,-993,-948,-935]} 1. e4 c5 2. Nf3 d6 3. d4 cxd4 4. Nxd4 Nf6 5. Nc3 g6 6. Be3 Bg7 7. f3 Nc6 8. Qd2 O-O 9. O-O-O d5 10. Kb1 Qd7 {LiveBook: 3 Games. B76: Sicilian Dragon: Yugoslav Attack, 9 g4 and 9 0-0-0} (10... Rb8 11. Ndb5 a6 12. Na7 e6 13. Qf2 Bd7 14. exd5 Nxd5 15. Nxd5 exd5 16. Rxd5 Qf6 17. c3 Be6 18. Nxc6 bxc6 {1-0 (33) Ivanchuk,V (2726)-Mamedov,R (2709) Huaian 2017}) 11. h4 $146 ({Predecessor:} 11. Nxc6 bxc6 12. exd5 Rb8 13. b3 cxd5 14. Bd4 Qc6 15. g4 e6 16. h4 Rb4 17. Ne2 a5 18. Qc3 Qxc3 19. Bxc3 {½-½ (37) Socko,M (2464)-Godzwon,I (2218) Suwalki 2018}) 11... dxe4 12. Nxc6 Qxc6 {The position is equal.} 13. h5 gxh5 14. Bb5 Qc7 15. Bf4 Qc5 16. Be3 Qf5 17. g4 hxg4 ({But not} 17... Qxf3 $2 18. Be2 $18) 18. fxg4 (18. Qh2 $1 $11) 18... Nxg4 $15 19. Nd5 $2 (19. Be2 $17 Qe5 20. Bf4) 19... Qe5 $19 {[%csl Gg7][%cal Re5b2]} 20. c3 Nxe3 21. Qxe3 {[#]} Bg4 $1 {[%cal Rg4d1]} 22. Rdg1 f5 ({Weaker is} 22... Qxd5 23. Rxg4 f5 24. Rg2 $11) ({Black should try} 22... h5 $17 23. Bc4 Rfc8) 23. Bc4 {Threatening mate with Nf6+.} Kh8 (23... Rf7 $11 {keeps the balance.} 24. Nf4 h6) 24. Rxh7+ $2 {[%mdl 8192]} (24. Qg5 $16 Qd6 25. Nxe7) 24... Kxh7 {Black is clearly winning.} 25. Rh1+ Kg6 {Threatens to win with ...Rh8.} 26. Nf4+ Kf6 27. Nh5+ Bxh5 $1 28. Rxh5 e6 29. Qg5+ Kf7 30. Rh7 Rg8 31. Qh5+ Kf8 32. Qg6 Re8 {Precision: White = 40%, Black = 37%.} 0-1

[Event "84th Annual Southwest Open"]
[Site "Irving"]
[Date "2018.08.31"]
[Round "1"]
[White "Dejmek, Mark"]
[Black "Ostrovskiy, Aleksandr"]
[Result "1/2-1/2"]
[WhiteElo "1998"]
[BlackElo "2425"]
[Annotator "TA"]
[PlyCount "56"]
[EventDate "2018.08.31"]
[EventType "swiss"]
[EventCountry "USA"]
[SourceTitle "playchess.com"]
[Source "ChessBase"]
[SourceQuality "1"]

{[%evp 11,56,0,0,0,7,0,0,0,0,-3,2,0,0,0,0,7,7,0,37,-44,-39,-43,-54,-30,-37,-43,-30,-38,-30,-33,-38,-34,-34,-44,-32,-35,0,0,0,0,0,0,0,0,0,0,0]} 1. e4 c6 2. d4 d5 3. e5 c5 4. c4 (4. dxc5 e6 5. Nf3 Bxc5 6. Bd3 Ne7 7. O-O Ng6 8. a3 O-O 9. Nbd2 Nc6 10. b4 Bb6 11. Bb2 Nf4 12. Nb3 a5 13. Qd2 Nxd3 14. cxd3 {½-½ (38) Vitiugov,N (2735)-Anand,V (2776) Karlsruhe/Baden-Baden 2018}) 4... cxd4 5. Nf3 Bg4 6. Qa4+ {B12: Caro-Kann: Advance Variation} Bd7 {LiveBook: 7 Games} 7. Qd1 $146 ({Predecessor:} 7. Qb3 dxc4 8. Bxc4 e6 9. Nxd4 Nc6 10. Nxc6 Bxc6 11. O-O Bc5 {½-½ (30) Cheparinov,I (2661)-Delchev,A (2632) Sestao 2010}) 7... dxc4 8. Bxc4 Nc6 9. O-O e6 10. Bf4 Nge7 11. Re1 Ng6 12. Bg3 Be7 13. Nbd2 O-O 14. a3 b5 15. Bxb5 ({White should play} 15. Bd3 $14) 15... Ncxe5 $1 $15 16. Bxd7 Nxf3+ 17. Nxf3 Qxd7 18. Qxd4 Qxd4 19. Nxd4 Bf6 20. Rad1 Rfd8 21. Nc6 Rxd1 22. Rxd1 Bxb2 23. a4 e5 24. Rb1 {The position is equal.} Bc3 25. Rb3 Ba1 26. Rb1 Bc3 27. Rb3 Ba1 28. Rb1 Bc3 {Precision: White = 82%, Black = 68%.} 1/2-1/2

[Event "84th Annual Southwest Open"]
[Site "Irving"]
[Date "2018.08.31"]
[Round "1"]
[White "Free, Graham"]
[Black "Hilby, Craig"]
[Result "0-1"]
[WhiteElo "1926"]
[BlackElo "2420"]
[Annotator "TA"]
[PlyCount "73"]
[EventDate "2018.08.31"]
[EventType "swiss"]
[EventCountry "USA"]
[SourceTitle "playchess.com"]
[Source "ChessBase"]
[SourceQuality "1"]

{[%evp 9,73,-6,63,72,78,12,24,31,20,31,28,15,31,26,30,14,16,9,26,0,0,0,14,13,8,20,77,28,86,83,105,54,53,53,56,43,45,44,47,0,23,23,52,56,50,41,43,0,0,0,0,-43,-43,-89,-82,-97,-81,-614,-594,-681,-651,-641,-605,-710,-689,-1527]} 1. d4 Nf6 2. Nc3 d5 3. Bf4 a6 4. e3 e6 5. g4 Nxg4 $146 (5... Bb4 $11) ({Predecessor:} 5... c5 6. g5 Nfd7 7. Nf3 Nc6 8. a3 b5 9. h4 Bb7 10. h5 Nb6 11. Ne5 Nxe5 12. Bxe5 {1-0 (26) Carlsen,M (2832)-Caruana,F (2808) Stavanger 2017}) 6. Qxg4 $14 {[#] Threatens to win with Qg3. D00: 1 d4 d5: Unusual lines} e5 7. Qg5 (7. Qh5 $16 exf4 8. Nxd5) 7... exf4 $11 8. Qxd8+ {White has an edge.} Kxd8 9. Nxd5 fxe3 10. Nxe3 g6 11. Nf3 f6 12. O-O-O Bh6 13. Bg2 Nd7 14. h4 Nb6 15. h5 g5 16. Kb1 g4 17. Nh4 c6 (17... Re8 $11 {keeps the balance.}) 18. Nhf5 Bf4 (18... Bxe3 $11 19. Nxe3 Kc7) 19. d5 $16 cxd5 20. Nxd5 (20. a4 $16) 20... Nxd5 $14 21. Bxd5 Kc7 22. Ng7 Be5 23. Rhg1 Kb6 24. Rd3 Rd8 25. Be4 Rg8 26. h6 Bf4 27. Rh1 Ka7 28. c4 Bxh6 29. Rxh6 Rxg7 30. Rxf6 Re7 31. Bf5 {[#]} h5 $1 {[%cal Bh7h5,Bh5h4,Bh4h3][%mdl 32] ...h4 is the strong threat.} 32. Kc2 h4 {White must now prevent ...Re2+.} 33. Rd4 $2 {[%mdl 8192]} (33. Bxc8 $17 Rxc8 34. Rh6) 33... Re2+ $19 {Black is clearly winning.} 34. Kc3 Rxf2 35. Rxg4 h3 36. Rh4 Rxf5 37. Kd4 {Precision: White = 51%, Black = 65%.} 0-1

[Event "84th Annual Southwest Open"]
[Site "Irving"]
[Date "2018.09.01"]
[Round "2"]
[White "Kovalyov, Anton"]
[Black "Drozdowski, Kacper"]
[Result "1/2-1/2"]
[WhiteElo "2644"]
[BlackElo "2489"]
[Annotator "TA"]
[PlyCount "148"]
[EventDate "2018.08.31"]
[EventType "swiss"]
[EventCountry "USA"]
[SourceTitle "playchess.com"]
[Source "ChessBase"]
[SourceQuality "1"]

{[%evp 21,148,58,52,40,40,32,48,36,55,45,52,44,89,85,127,116,102,112,104,122,167,52,75,29,29,35,46,29,31,28,29,-61,-58,-59,-61,-191,-191,-196,-188,-213,-134,-131,-129,-129,-128,-127,-113,-197,-194,-460,-445,-447,-463,-458,-397,-786,-946,-739,-111,-108,-110,-106,-113,-187,-171,-157,-126,-126,-96,-96,-101,-93,-39,-87,-67,-56,-55,-68,-62,-62,-62,-62,-62,-62,-63,-63,-63,-63,-55,-55,-11,-12,0,-55,-55,-64,-55,-64,-64,-65,-49,-49,0,-68,-62,-68,-56,-50,0,-61,-31,-31,-31,-31,-31,-31,-31,-31,-31,-31,-31,-31,-31,-31,-7,-7,-7,-31,-7]} 1. c4 e5 2. Nc3 Nf6 3. Nf3 Nc6 4. g3 d5 5. cxd5 Nxd5 6. Bg2 Nb6 7. O-O Be7 8. Rb1 O-O 9. b4 {[%cal Bb2b4,Bb4b5][%mdl 32]} Bf5 {A29: English Opening: Four Knights Variation with 4 g3} (9... e4 10. Nxe4 Bf5 11. Qc2 Bxb4 12. a3 Bd6 13. e3 h6 14. Nh4 Bh7 15. f4 Be7 16. f5 Ne5 17. Bb2 {1-0 (35) Nakamura,H (2816)-Sevian,S (2556) Las Vegas 2015}) 10. b5 Nd4 11. d3 Bf6 {LiveBook: 3 Games. White is slightly better.} 12. Nd2 c6 13. bxc6 $146 ({Predecessor:} 13. Nde4 Nxb5 14. Nxb5 cxb5 15. Rxb5 Bd7 16. Nxf6+ Qxf6 17. Ra5 {1-0 (41) Badelka,O (2362)-Ozturk,K (2261) Riga 2017}) 13... Nxc6 14. Nde4 Be7 15. Be3 Nd4 16. a4 {[%cal Ba2a4,Ba4a5,Ba5a6][%mdl 32]} Be6 17. a5 Nd5 18. Rxb7 Nxe3 19. fxe3 Nf5 20. Qd2 Re8 21. Nb5 ({White should try} 21. a6 $18) 21... Rb8 $14 22. a6 {And now Rb1 would win.} Rxb7 $1 23. axb7 {Strongly threatening g4.} Qb6 24. Rb1 {Threatens to win with Rb2.} Rb8 $1 {[%cal Rb8b7]} 25. Nbc3 Bb4 26. Qb2 ({White should play} 26. Qc1 $11 a5 27. Na4 Qxe3+ 28. Qxe3 Nxe3 29. Bh1) 26... Rxb7 $15 27. Nd1 Nxe3 {[#]} 28. Nxe3 (28. Qxb4 $1 $15 {[%mdl 512]} Qxb4 29. Rxb4 Rxb4 30. Nxe3) 28... Qxe3+ $19 29. Kh1 Rb5 30. Rf1 h6 31. Nd6 Rb6 ({Much less strong is} 31... Bxd6 32. Qxb5 Qxe2 33. Ra1 $15) 32. Nc4 Bxc4 $1 33. dxc4 Bc5 $36 {[%mdl 2048] Black is in control.} 34. Qa1 (34. Qc2 $17 {might work better.}) 34... Rf6 35. Rxf6 $2 (35. Re1) 35... gxf6 36. Qf1 {[#]} e4 $1 37. Bh3 {[#]} Qd4 $1 38. Bf5 $2 (38. Qe1 a5 39. e3 Qxc4 40. Bf1) 38... a5 39. Kg2 Qe3 $2 (39... a4 $19 {and Black stays clearly on top.} 40. Qf4 a3 41. Bxe4 f5 42. Qxf5 a2 43. Qh7+ Kf8 44. Qxh6+ Ke7 45. Qg5+ Kd7 46. Qf5+ Kd8 47. Qg5+ Kc7 48. Qf4+ Qd6 49. Qxf7+ Qe7) 40. Bd7 $17 Kg7 41. Kh3 h5 42. Qe1 (42. Bc6 $17) 42... Qd4 43. Bb5 Bb4 44. Qf1 Qe3 45. Bc6 Qg5 46. Kg2 Qe5 (46... Qg4 $17 47. Qf2 h4) 47. Qd1 Bd6 48. Qd2 h4 49. Qe3 hxg3 50. hxg3 Qg5 51. Qxe4 Qxg3+ 52. Kf1 Bc5 {[%csl Gc5][%cal Rg3g1]} 53. Qg2 Qg5 54. Ba4 Be3 55. Bc2 Kf8 56. Qa8+ $1 Kg7 {[%csl Ge3][%cal Rg5g1]} 57. Qg2 Bd4 58. Ba4 Bb6 59. Bc2 Be3 60. Ba4 Ba7 61. Bc2 Bc5 62. Ba4 Bd6 63. Bc2 Bg3 {( -> ...Qc1+)} 64. Qe4 Bd6 (64... Bc7 {feels hotter.} 65. e3 Bb6 66. Ke2 Qc5 67. Qg2+ Kf8) 65. Qg2 Qxg2+ (65... Be7 {is more complex.} 66. Ba4 Bc5 67. Bc2 Ba7 68. Ba4 Kh6) 66. Kxg2 $15 {[%mdl 4096] Endgame [#] KB-KB} f5 $1 {[%mdl 512]} 67. Kf3 (67. Bxf5 Kf6) 67... Kf6 68. Ke3 Ke5 69. Ba4 Bc5+ 70. Kd3 Kd6 71. Be8 f6 72. Kc3 Ke5 73. Kb3 Kd4 74. Bh5 f4 {Precision: White = 53%, Black = 56%.} 1/2-1/2

[Event "84th Annual Southwest Open"]
[Site "Irving"]
[Date "2018.09.01"]
[Round "2"]
[White "Vorontsov, Pavlo"]
[Black "Patel, Advait"]
[Result "1/2-1/2"]
[WhiteElo "2578"]
[BlackElo "2475"]
[Annotator "TA"]
[PlyCount "117"]
[EventDate "2018.08.31"]
[EventType "swiss"]
[EventCountry "USA"]
[SourceTitle "playchess.com"]
[Source "ChessBase"]
[SourceQuality "1"]

{[%evp 11,117,-5,8,-15,-14,-18,19,17,20,0,0,-23,-12,-15,-11,-34,-37,-22,47,46,37,56,38,25,50,12,18,16,12,12,20,5,47,42,61,17,15,0,4,7,0,-4,7,8,20,-23,-23,-16,0,0,0,0,0,0,0,0,0,0,0,0,0,0,0,0,0,0,0,0,0,0,0,0,0,0,0,0,0,0,0,0,0,0,0,0,0,0,0,0,0,0,0,0,0,0,0,0,0,0,0,0,0,0,0,0,0,0,0,0]} 1. d4 Nf6 2. Nf3 g6 3. Bg5 Bg7 4. Nbd2 O-O 5. e3 d6 6. Bc4 c5 {LiveBook: 28 Games. A48: 1 d4 Nf6 2 Nf3 g6: Torre, London and Colle Systems} (6... Qe8 7. O-O e5 8. a4 a5 9. c3 Nbd7 10. e4 h6 11. Bh4 Nb6 12. Bd3 Bd7 13. b3 Nh5 14. Re1 {½-½ (62) Artemiev,V (2704)-Nepomniachtchi,I (2751) Poikovsky 2018}) 7. dxc5 d5 8. Be2 Qa5 9. O-O $146 ({Predecessor:} 9. c3 Qxc5 10. O-O Nc6 11. Rc1 Ne4 12. Bh4 Qb6 13. Qb3 Nxd2 14. Nxd2 e5 15. Qxb6 axb6 {0-1 (61) Maas,J (1890)-Jerez Perez,A (2412) Vlissingen 2012}) 9... Qxc5 10. Nb3 Qb6 11. a4 Nc6 12. a5 Qc7 13. Nfd4 Ne4 14. Bh4 Ne5 ({Better is} 14... g5 $11 15. Bg3 e5) 15. Nb5 $14 Qd8 16. f3 $36 {[%mdl 2048] White has good play.} Nf6 17. Nc3 Nc4 18. Bxc4 (18. Qc1 {seems wilder.} Bh6 19. f4 Bg4 20. Bxc4 dxc4 21. Nd4) 18... dxc4 19. Qxd8 Rxd8 20. Nc5 Bh6 21. f4 Rb8 22. Rfd1 Re8 23. Nb5 Bg4 24. Rd4 Rec8 25. Ne4 Nxe4 26. Rxe4 Bf5 27. Rxe7 {White wants to play Nd6.} Bf8 28. Nd6 Bxe7 29. Bxe7 Bxc2 {aiming for ...Rc7.The position is equal.} 30. Nxc8 Rxc8 $11 {[%mdl 4096] Endgame KRB-KRB} 31. Bf6 Rc6 32. Bd4 a6 33. Kf2 f5 34. h3 Kf7 35. g4 Rd6 36. g5 Rd5 37. h4 Be4 38. Rc1 Rxa5 {Threatens to win with ...b5.} 39. Rxc4 Bc6 $1 40. Rc1 Rb5 41. Kg3 Ra5 42. Bc3 Rd5 43. Ra1 Rd3 44. Kf2 Rd5 45. Bd4 Rb5 46. Ke2 Rb3 47. Kd2 Be4 48. Bc3 Rb5 49. Rg1 Rd5+ 50. Bd4 Ra5 51. Rc1 {Black must now prevent Rc7+.} Bc6 $1 52. Kc3 Rb5 53. Rc2 Ra5 54. Rh2 Bf3 55. Rh3 Be2 56. Kd2 Bg4 57. Rh1 Bf3 58. Rh3 Bg4 59. Rh1 {Precision: White = 72%, Black = 76%.} 1/2-1/2

[Event "84th Annual Southwest Open"]
[Site "Irving"]
[Date "2018.08.31"]
[Round "2"]
[White "Matsenko, Sergei"]
[Black "Javakhadze, Zurab"]
[Result "1/2-1/2"]
[WhiteElo "2533"]
[BlackElo "2438"]
[Annotator "TA"]
[PlyCount "65"]
[EventDate "2018.08.31"]
[EventType "swiss"]
[EventCountry "USA"]
[SourceTitle "playchess.com"]
[Source "ChessBase"]
[SourceQuality "1"]

{[%evp 14,65,15,15,19,32,41,20,20,18,19,14,27,8,4,0,8,0,0,-3,-3,-8,0,0,0,-6,0,0,0,-15,-11,-6,0,-10,0,0,43,-12,0,-10,106,97,173,0,0,0,0,13,15,0,31,27,66,10]} 1. d4 d5 2. c4 e6 3. Nc3 a6 4. cxd5 exd5 5. Bf4 Nf6 6. e3 {D31: Queen's Gambit Declined: Semi-Slav without ...Nf6 (+ Marshall Gambit and Noteboom) and Exchange Variation lines without ...Nf6} Bd6 7. Bg5 c6 (7... Be6 8. Bd3 Nbd7 9. f4 h6 10. Bh4 g5 11. fxg5 hxg5 12. Bxg5 Rxh2 13. Rxh2 Bxh2 {1-0 (69) Yu,Y (2762)-Fedoseev,V (2707) Danzhou 2018}) 8. Bd3 {LiveBook: 3 Games. The position is equal.} Nbd7 {[%cal Bb8d7,Bd7f8,Bf8g6][%mdl 32]} 9. Nge2 $146 ({Predecessor:} 9. Qc2 h6 10. Bh4 O-O 11. Nf3 Re8 12. O-O Nf8 {1-0 (49) Aleksandrov,A (2568)-Gasparian,T (2219) Yerevan 2016}) 9... Nf8 10. Bh4 Ng6 11. Bg3 O-O 12. O-O Re8 13. Qd2 Bf8 14. f3 c5 15. Bxg6 hxg6 16. Bh4 b5 17. dxc5 Bxc5 18. Nd4 Bb7 19. Rac1 Ba7 20. Bf2 Nd7 21. Nce2 Ne5 {Hoping for ...Nc4.} 22. b3 g5 23. h3 Qf6 24. Rc7 Rab8 25. Bg3 ({Better is} 25. f4 $1 $14 gxf4 26. exf4) 25... Bb6 $11 26. Rc2 Re7 {[#]} (26... Rbc8 $11) 27. f4 $1 $16 {[%cal Rf4e5]} gxf4 (27... Nc4 $16 28. bxc4 dxc4) 28. Rxf4 $2 ({White has to play} 28. Nxf4 $18 Qg5 29. Qf2) 28... Qg6 $11 29. Kh2 Rd8 30. Nf5 Ree8 31. Ned4 Rd7 32. Qd1 f6 33. Rf1 {Precision: White = 63%, Black = 48%.} (33. Rcf2 $14) 1/2-1/2

[Event "84th Annual Southwest Open"]
[Site "Irving"]
[Date "2018.09.01"]
[Round "2"]
[White "Preotu, Razvan"]
[Black "Stefanov, Emil"]
[Result "1-0"]
[WhiteElo "2513"]
[BlackElo "2407"]
[Annotator "TA"]
[PlyCount "111"]
[EventDate "2018.08.31"]
[EventType "swiss"]
[EventCountry "USA"]
[SourceTitle "playchess.com"]
[Source "ChessBase"]
[SourceQuality "1"]

{[%evp 12,111,68,70,68,64,100,106,98,88,89,91,128,118,76,95,144,130,120,99,73,63,106,97,130,85,81,87,98,93,295,286,281,289,304,81,79,36,37,37,33,33,33,-8,-8,-8,-8,-8,-8,-8,-8,-8,-8,-17,0,0,0,0,0,0,8,8,2302,2050,2218,2050,1438,2281,2349,2243,1968,2256,12791,12797,11441,11059,8712,8636,7972,6328,2855,502,29974,29975,29974,29973,29972,29973,5097,117,29985,29981,29980,29981,29993,29994,29994,29995,29995,29996,29997,5618]} 1. e4 g6 2. d4 Bg7 3. Nc3 c6 4. Be3 d6 5. Qd2 Nf6 6. Bh6 O-O 7. O-O-O {LiveBook: 27 Games} Nbd7 {B07: Pirc Defence: Miscellaneous Systems} (7... Qa5 8. Bxg7 Kxg7 9. Kb1 Nbd7 10. h4 h5 11. f3 b5 12. Bd3 b4 13. Nce2 c5 14. g4 Qc7 15. dxc5 dxc5 {0-1 (66) Rublevsky,S (2702)-Mamedyarov,S (2736) Berlin 2015}) 8. e5 $146 ({Predecessor:} 8. Be2 Qa5 9. h4 b5 10. Bf3 b4 11. Nb1 Nb6 12. Bxg7 Kxg7 13. a3 d5 14. e5 {0-1 (42) Krobot,J (1680)-Masek,J (1948) Klatovy 2018}) 8... Nd5 9. Nxd5 cxd5 {White is better.} 10. h4 dxe5 11. h5 Bf6 12. hxg6 hxg6 13. g4 {[%cal Bg2g4,Bg4g5][%mdl 32]} Re8 14. f4 $1 exf4 15. Qh2 $1 {And now g5 would win.} e5 16. Nf3 e4 17. Bxf4 Nf8 18. g5 Bg7 19. Ne5 Bf5 20. Bh3 Qc8 $2 (20... Qb6 $16 {might work better.}) 21. Bxf5 $18 Qxf5 22. Rdf1 Rac8 {[#] intending ...Rxc2+.} 23. Be3 $2 (23. Nxf7 $1 $18 {[%mdl 512] is more deadly.} Qxf7 24. Bd6) 23... Rxe5 $16 24. dxe5 (24. Kb1 {feels hotter.} Qd7 25. dxe5 d4 26. Rd1 d3 27. cxd3 exd3 28. Qd2) 24... Qxe5 25. Qxe5 Bxe5 26. Rd1 ({But not} 26. Bxa7 Ne6 $11) 26... Rd8 27. c4 d4 28. Rh4 $1 {[%cal Rh4e4]} f5 {Hoping for ...Ne6.} 29. gxf6 $1 Bxf6 30. Rf4 Kg7 31. Rxf6 $1 Kxf6 32. Bxd4+ Ke6 33. Bxa7 Rxd1+ 34. Kxd1 $11 {[%mdl 4096] Endgame KB-KN} Nd7 35. Kd2 b6 36. b4 {[%cal Bb2b4,Bb4b5][%mdl 32]} Kd6 $2 {[%mdl 8192] [#]} (36... Ne5 $11) 37. Bxb6 $1 $18 {[%mdl 512]} Ne5 (37... Nxb6 38. c5+) 38. Kc3 g5 39. Be3 g4 40. b5 g3 41. Kd4 g2 42. c5+ Ke6 43. Kxe4 Nc4 44. Bf2 Nd2+ 45. Ke3 Nc4+ 46. Kd3 (46. Kf3 $142 Kd5 47. a4) 46... Na3 (46... Kd5 $18 47. Ke2 Na3) 47. b6 Kd7 48. b7 Kc7 {[#]} 49. c6 $1 Nb5 {[#]} (49... Kxc6 50. b8=Q) 50. Bc5 $2 (50. Bb6+ $1 $18 {[%mdl 512] and the rest is easy.} Kb8 (50... Kxb6 51. b8=Q+) 51. Bc5) 50... Kb8 $2 {[%mdl 8192]} (50... Nd6 $16) 51. Ke2 {White mates.} Kc7 52. Kf2 Kb8 53. a4 Nc7 54. Bd6 Ka7 55. Bxc7 Ka6 56. Kxg2 {Precision: White = 69%, Black = 33%.} ({Stronger than} 56. b8=Q g1=Q+ 57. Kf3 Qg4+ 58. Kf2 Qe2+ 59. Kg3 Qf3+ 60. Kh4 Qg4+ 61. Kxg4 $11) 1-0

[Event "84th Annual Southwest Open"]
[Site "Irving"]
[Date "2018.08.31"]
[Round "2"]
[White "Popilski, Gil"]
[Black "Rozman, Levy"]
[Result "1-0"]
[WhiteElo "2491"]
[BlackElo "2421"]
[Annotator "TA"]
[PlyCount "63"]
[EventDate "2018.08.31"]
[EventType "swiss"]
[EventCountry "USA"]
[SourceTitle "playchess.com"]
[Source "ChessBase"]
[SourceQuality "1"]

{[%evp 14,63,11,0,12,12,12,20,10,10,17,0,7,10,16,9,17,26,51,0,109,119,134,120,103,129,177,182,197,187,218,230,209,205,191,164,167,169,161,172,249,195,197,184,236,197,505,505,505,505,477,477]} 1. Nf3 d5 2. d4 Nf6 3. c4 dxc4 4. e3 Bg4 5. Bxc4 e6 6. Qb3 Bxf3 7. gxf3 c5 {D25: Angenommenes Damengambit} 8. Nc3 {LiveBook: 4 Partien} Qd7 9. d5 $146 ({Vorgänger:} 9. dxc5 Bxc5 10. Qb5 Be7 11. Qxd7+ Nbxd7 12. Bd2 Rc8 13. Be2 Ne5 14. O-O-O O-O 15. Kb1 {½-½ (58) Wang,Y (2699)-Andreikin,D (2712) Dortmund 2017}) 9... exd5 {Die Stellung ist ausgeglichen.} 10. Nxd5 Nxd5 11. Bxd5 Nc6 12. O-O Bd6 13. Kg2 O-O 14. Rd1 Rac8 15. Bd2 Qf5 16. Be1 (16. Bc3 $14) 16... Ne7 (16... Qg5+ $11 {bleibt in der Remisbreite.} 17. Kh1 Nd4 $1 {[%mdl 512]} 18. exd4 c4 19. Qxb7 Rb8) 17. Bxb7 $16 c4 18. Qa4 $1 Qg6+ 19. Kf1 Rc7 20. Qa6 ({Jedoch nicht} 20. Qxa7 $6 Bxh2 21. Qa6 Qg1+ 22. Ke2 Qg2 $16) 20... Bxh2 {[#]} 21. Ba5 $1 {Droht stark Dxg6.} Qxa6 22. Bxa6 Rc6 23. Bb7 Rc5 24. Bb4 $36 {[%mdl 2048] Weiss ist am Drücker.} Rc7 {[#]} 25. Ba6 $1 {zielt auf f4 ab.} Be5 26. Rac1 Rb8 (26... c3 $142 27. Bxc3 (27. bxc3 g5 $16) 27... Bxc3) 27. Rxc4 ({Keinesfalls} 27. Bxc4 $6 g5) 27... Rxc4 28. Bxc4 Nc6 (28... Ng6 {war nötig.}) 29. Ba3 Bxb2 $2 (29... Bf6 {ist zäher.} 30. f4 Rd8 31. Rxd8+ Nxd8) 30. Bxb2 $18 {Weiß steht klar auf Gewinn.} Rxb2 31. Rd6 Rb6 32. Bd5 {Precision: Weiß = 79%, Schwarz = 38%.} 1-0